000 01308nam a22003377a 4500
001 1195094
003 BDDh-ASL
005 20231015030128.0
007 hduafb---bacp
007 hdubfb---baap
008 980205s19481937enkab a 001 0 eng
010 _a 97907775
025 _aNBIL-10726
040 _aDLC
_cDLC
_dBDDh-ASL
042 _alcode
043 _aa-ii---
050 0 0 _aMicrofilm BUL-ENG-312 (D)
082 _a954.306
_bRAI
100 1 _aRawlinson, H. G.
_q(Hugh George),
_d1880-
245 1 0 _aIndia, a short cultural history /
_cby H.G. Rawlinson ; edited by C.G. Seligman.
260 _aLondon :
_bCresset Press,
_c1937.
_c1948.
_c1954, 1965
300 _axiv, 452 p. :
_bill., maps ;
_c26 cm.
500 _aIncludes index.
533 _aMicrofilm.
_bNew Delhi :
_cLibrary of Congress Office ;
_bChicago :
_cAvailable from Center for Research Libraries,
_d1997.
_eOn 1 microfilm reel with other items ; 35 mm.
_f(SAMP early 20th-century Indian books project ; item 10726)
_nMaster microform held by: ICRL.
651 0 _aIndia
_xCivilization.
700 1 _aSeligman, C. G.
_q(Charles Gabriel),
_d1873-1940.
830 0 _aSAMP early 20th-century Indian books project ;
_vitem 10726.
906 _a7
_bcbc
_corigode
_d5
_encip
_f19
_gy-genmicro
942 _2ddc
_cBK
999 _c22403
_d22403